000
00374nam a2200145Ia 4500
008
231129s1999||||xx |||||||||||||| ||spa||
020
_a
958-682-049-1
040
_b
spa
082
_a
621.38 S915s
100
_a
Stremler Ferrel G.
245
0
_a
Sistemas de comunicación
260
_c
1999
264
_a
Alfaomega
942
_2
ddc
_c
BKS
999
_c
24679
_d
24679